Statistics for Weird Japanese Movies by IMDb description

Click here to take the quiz!

General Stats

  • This quiz has been taken 49 times
  • The average score is 4 of 10

Answer Stats

HintDirectorAnswer% Correct
In the future, the Japanese government captures a class of ninth-grade students and forces them to kill each other under the revolutionary "[title]" act.Kinji FukasakuBattle Royale
87%
As sadomasochistic yakuza enforcer Kakihara searches for his missing boss he comes across Ichi, a repressed and psychotic killer who may be able to inflict levels of pain that Kakihara has only dreamed of.Takashi MiikeIchi the Killer
80%
Seven girls on their summer trip pay a visit to a possessed house which plans to eat them in extremely bizzare and surreal ways.Nobuhiko ObayashiHouse
52%
A strange man known only as the "metal fetishist", who seems to have an insane compulsion to stick scrap metal into his body, is hit and possibly killed by a Japanese "salaryman", out for a drive with his girlfriend.Shinya TsukamotoTetsuo
48%
54 high school girls throw themselves in front of a subway train. This appears to be only the beginning of a string of suicides around the country. Does the new all-girl group Desert have anything to do with it?Sion SonoSuicide Club
43%
Several yakuza from Tokyo are sent to Okinawa to help end a gang war. The war escalates and the Tokyo drifters decide to lay low at the beach.Takeshi KitanoSonatine
28%
Two women kill samurai and sell their belongings for a living. While one of them is having an affair with their neighbor, the other woman meets a mysterious samurai wearing a bizarre mask.Kaneto ShindoOnibaba
26%
Battlefield Baseball is a tough game--it doesn't end until all the members on the opposing team are dead. In this game the Gedo High team is composed of blue-faced zombies, and their opponents on the Seido High team know they don't have a chance at beating them unless they can bring back a star pitcher who has a lethal pitch called the Super Tornado, but who has hung up his cleats and has no desire to return to the game.Yūdai YamaguchiBattlefield Baseball
17%
A revolver-wielding stranger crosses paths with two warring clans who are both on the hunt for a hidden treasure in a remote western town. Knowing his services are valuable to either side, he offers himself to the clan who will offer up the largest share of the wealth.Takashi MiikeSukiyaki Western Django
17%
An outrageous collection of surreal, short attention span non-sequiturs largely revolving around Guitar Brother, his randy older sibling, and the pair's portly Caucasian brother.Katsuhito Ishii, i.a.Funky Forest
11%

Score Distribution

Percentile by Number Answered

Percent of People with Each Score

Your Score History

You have not taken this quiz